[Event "NRW Verbandsklasse Group1 1314"]
[Site "Nordrheinwestfalen"]
[Date "2014.02.16"]
[Round "7"]
[White "Gebauer, Reinhard"]
[Black "Schreiber, Alfred"]
[Result "1-0"]
[WhiteElo "1778"]
[BlackElo "1754"]
[PlyCount "169"]
[EventDate "2013.09.08"]
[EventType "team-tourn"]
[EventRounds "9"]
[EventCountry "GER"]
[SourceTitle "EXT 2020"]
[Source "ChessBase"]
[SourceDate "2019.10.17"]
[SourceVersion "1"]
[SourceVersionDate "2019.10.17"]
[SourceQuality "1"]
[WhiteTeam "Oberhausen SW"]
[BlackTeam "Werne SK"]
[WhiteTeamCountry "GER"]
[BlackTeamCountry "GER"]

1. e4 c5 2. Nf3 Nc6 3. d4 cxd4 4. Nxd4 g6 5. c3 Bg7 6. Be2 Nf6 7. Bf3 0-0 8. Nxc6 bxc6 9. 0-0 Qc7 10. c4 Ba6 11. Qa4 Bb7 12. Nc3 a5 13. Rd1 Ba6 14. Be3 Rfb8 15. b3 d5 16. Rac1 Rb4 17. Qa3 dxc4 18. Bc5 Rb7 19. bxc4 Bxc4 20. Na4 Be6 21. Be3 Bg4 22. Nc5 Bxf3 23. gxf3 Rb5 24. Rc2 Nh5 25. Rcd2 Nf6 26. f4 Rbb8 27. f3 Rd8 28. Na6 Rxd2 29. Nxc7 Rxd1+ 30. Kg2 Rad8 31. Qxa5 R1d3 32. Nd5 cxd5 33. Qxd8+ Bf8 34. e5 Nh5 35. Kf2 Kg7 36. Ke2 Ra3 37. Qxd5 e6 38. Qc4 Be7 39. Bc1 Ra5 40. Bd2 Ra3 41. Kf2 Bf8 42. Qc2 Be7 43. Bc1 Ra5 44. a4 Rc5 45. Qb1 Rc4 46. a5 Bc5+ 47. Be3 Bxe3+ 48. Kxe3 Nxf4 49. a6 Nd5+ 50. Kf2 Ra4 51. Qb7 Ra2+ 52. Kg3 Ne3 53. f4 Nf5+ 54. Kh3 Ra3+ 55. Kg2 Ra2+ 56. Kf1 Ra1+ 57. Kf2 Ra2+ 58. Ke1 Ra1+ 59. Kd2 Ra2+ 60. Kc1 Nd4 61. a7 Ne2+ 62. Kd1 Rxa7 63. Qxa7 Nxf4 64. Kd2 Nd5 65. Qf2 h6 66. h4 g5 67. h5 Nf4 68. Qf3 Nd5 69. Kc2 Nf4 70. Kb3 Nd5 71. Kc4 Nf4 72. Kc5 Nd5 73. Kd6 Nf4 74. Kd7 f6 75. Kd6 f5 76. Qb7+ Kg8 77. Qc8+ Kg7 78. Qd7+ Kg8 79. Qe8+ Kg7 80. Qe7+ Kg8 81. Kd7 g4 82. Ke8 g3 83. Qf7+ Kh8 84. Kf8 Nxh5 85. Qg8# 1-0

[Event "NRW Verbandsklasse Group1 1314"]
[Site "Nordrheinwestfalen"]
[Date "2014.01.26"]
[Round "6"]
[White "Gebauer, Reinhard"]
[Black "Distelrath, Oliver"]
[Result "0-1"]
[WhiteElo "1778"]
[BlackElo "1822"]
[PlyCount "74"]
[EventDate "2013.09.08"]
[EventType "team-tourn"]
[EventRounds "9"]
[EventCountry "GER"]
[SourceTitle "EXT 2020"]
[Source "ChessBase"]
[SourceDate "2019.10.17"]
[SourceVersion "1"]
[SourceVersionDate "2019.10.17"]
[SourceQuality "1"]
[WhiteTeam "Oberhausen SW"]
[BlackTeam "Unser Fritz"]
[WhiteTeamCountry "GER"]
[BlackTeamCountry "GER"]

1. c4 e5 2. Nc3 Nc6 3. g3 f5 4. Bg2 Nf6 5. d3 Bb4 6. Bd2 Bxc3 7. Bxc3 d6 8. e3 0-0 9. Qc2 a5 10. 0-0-0 Qe8 11. f3 Nb4 12. Qb1 c5 13. a3 Nc6 14. Ne2 d5 15. Qc2 Be6 16. Bd2 Qf7 17. f4 dxc4 18. d4 cxd4 19. Qb1 Rfc8 20. Bxc6 Rxc6 21. exd4 b5 22. dxe5 Ne4 23. Be3 c3 24. bxc3 Qc7 25. Bd4 b4 26. axb4 axb4 27. Qxb4 Ra1+ 28. Kb2 Ra2+ 29. Kb1 Rxe2 30. Rde1 Rxe1+ 31. Rxe1 Nxc3+ 32. Kb2 Nd5 33. Qb5 h6 34. h4 Kh7 35. h5 Ne7 36. Be3 Rc2+ 37. Kb1 Ba2+ 0-1

[Event "NRW Verbandsklasse Group1 1314"]
[Site "Nordrheinwestfalen"]
[Date "2013.09.08"]
[Round "1.5"]
[White "Gebauer, Reinhard"]
[Black "Althoff, Christoph"]
[Result "0-1"]
[WhiteElo "1778"]
[BlackElo "1895"]
[PlyCount "120"]
[EventDate "2013.09.08"]
[EventType "team-tourn"]
[EventRounds "9"]
[EventCountry "GER"]
[SourceTitle "EXT 2020"]
[Source "ChessBase"]
[SourceDate "2019.10.17"]
[SourceVersion "1"]
[SourceVersionDate "2019.10.17"]
[SourceQuality "1"]
[WhiteTeam "Oberhausen SW"]
[BlackTeam "Oberhausen SV III"]
[WhiteTeamCountry "GER"]
[BlackTeamCountry "GER"]

1. e4 d6 2. d4 Nf6 3. Nc3 c6 4. Bg5 Nbd7 5. Nf3 Qc7 6. Bd3 e5 7. 0-0 Be7 8. Qd2 h6 9. Be3 Ng4 10. h3 Nxe3 11. fxe3 0-0 12. a3 a6 13. b4 b6 14. Ne2 d5 15. exd5 cxd5 16. dxe5 Nxe5 17. Nxe5 Qxe5 18. Nd4 Bg5 19. Nf3 Bxe3+ 20. Kh1 Bxd2 21. Nxe5 Bc3 22. Nc6 Bxa1 23. Rxa1 Bb7 24. Ne7+ Kh8 25. Nf5 Rad8 26. Rf1 Rfe8 27. Rf3 Bc8 28. Nd4 Kg8 29. b5 axb5 30. Nxb5 Re1+ 31. Kh2 Ba6 32. a4 Ra1 33. Rf4 Bxb5 34. axb5 Ra3 35. Rf3 Kf8 36. Kg3 Rd6 37. Rf5 Ke7 38. Re5+ Kd7 39. Kf2 g6 40. Re1 Rf6+ 41. Kg1 Kd6 42. Rb1 Kc5 43. Kh2 Kd4 44. Rd1 Kc5 45. Kg1 Rf4 46. Rb1 Rd4 47. Bf1 Rd2 48. Bd3 Raxd3 49. cxd3 Rxd3 50. Kf2 Rd2+ 51. Kf3 Rd4 52. Ke3 Rb4 53. Rc1+ Kxb5 54. Rc7 Re4+ 55. Kf3 f5 56. g4 fxg4+ 57. hxg4 Re6 58. Rh7 g5 59. Rc7 d4 60. Rc1 Kb4 0-1

[Event "Ruhrgebiet VK1 1112"]
[Site "Nordrheinwestfalen"]
[Date "2012.04.22"]
[Round "9.7"]
[White "Klanert, Karsten"]
[Black "Gebauer, Reinhard"]
[Result "1-0"]
[WhiteElo "2055"]
[BlackElo "1792"]
[PlyCount "121"]
[EventDate "2012.09.18"]
[EventType "team-tourn"]
[EventRounds "9"]
[EventCountry "GER"]
[SourceTitle "EXT 2020"]
[Source "ChessBase"]
[SourceDate "2019.10.17"]
[SourceVersion "1"]
[SourceVersionDate "2019.10.17"]
[SourceQuality "1"]
[WhiteTeam "Dortmund FS 98"]
[BlackTeam "Oberhausen SW"]
[WhiteTeamCountry "GER"]
[BlackTeamCountry "GER"]

1. d4 d5 2. c4 c6 3. Nf3 e6 4. Nc3 Nf6 5. e3 Nbd7 6. Bd3 Be7 7. 0-0 0-0 8. Qe2 Re8 9. Rd1 h6 10. e4 dxe4 11. Nxe4 Nxe4 12. Qxe4 Nf6 13. Qe2 Bf8 14. Bf4 Bd7 15. Rab1 a5 16. a3 Qe7 17. Ne5 g5 18. Bg3 Bg7 19. f4 c5 20. fxg5 hxg5 21. Qe3 Ng4 22. Qe2 Nxe5 23. dxe5 Bc6 24. Rf1 f5 25. exf6 Bxf6 26. Qh5 Bd4+ 27. Kh1 Qg7 28. Bg6 Rf8 29. Bd6 Rf6 30. Rxf6 Bxf6 31. Rf1 Rf8 32. Bxc5 Be7 33. Rxf8+ Bxf8 34. Bd4 Qh6 35. Bf7+ Kh7 36. Qxh6+ Kxh6 37. Bxe6 a4 38. Kg1 Bd6 39. g3 Bc7 40. Kf2 Ba5 41. Ke3 Kg6 42. Be5 Bb6+ 43. Kd3 Bc5 44. Bd4 Bd6 45. c5 Be7 46. Kc4 Kh5 47. Be5 Bf8 48. h3 Be7 49. Bf7+ Kh6 50. Bd5 Kh5 51. Bxc6 bxc6 52. Bd6 Bf6 53. b3 axb3 54. Kxb3 Bd8 55. Kc4 Kg6 56. Kd4 Kf5 57. a4 Bf6+ 58. Kc4 Ke6 59. a5 Kd7 60. a6 Kc8 61. Kd3 1-0

[Event "Ruhrgebiet VK1 1112"]
[Site "Nordrheinwestfalen"]
[Date "2012.02.12"]
[Round "6"]
[White "Gebauer, Reinhard"]
[Black "Lucke, Thomas"]
[Result "1/2-1/2"]
[WhiteElo "1792"]
[BlackElo "1915"]
[PlyCount "66"]
[EventDate "2012.09.18"]
[EventType "team-tourn"]
[EventRounds "9"]
[EventCountry "GER"]
[SourceTitle "EXT 2020"]
[Source "ChessBase"]
[SourceDate "2019.10.17"]
[SourceVersion "1"]
[SourceVersionDate "2019.10.17"]
[SourceQuality "1"]
[WhiteTeam "Oberhausen SW"]
[BlackTeam "Castrop Rauxel"]
[WhiteTeamCountry "GER"]
[BlackTeamCountry "GER"]

1. d4 d5 2. Bf4 c5 3. dxc5 Nc6 4. Nf3 f6 5. e3 e5 6. Bg3 Bxc5 7. c3 Nge7 8. Nbd2 0-0 9. Nb3 Bb6 10. Be2 Be6 11. 0-0 Nf5 12. Qd2 Qe7 13. Rfd1 Rfd8 14. Qe1 a5 15. Nbd2 Rac8 16. e4 Nxg3 17. hxg3 d4 18. Nc4 Qc7 19. Nxb6 Qxb6 20. Rdb1 Rc7 21. Qf1 Qc5 22. Rc1 Qe7 23. a3 dxc3 24. Rxc3 Nd4 25. Nxd4 Rxd4 26. Rxc7 Qxc7 27. Bf3 Rd2 28. Qb5 Kf7 29. b4 axb4 30. Qxb4 Rc2 31. Rb1 Rc1+ 32. Rxc1 Qxc1+ 33. Kh2 Qh6+ 1/2-1/2